000 00406nam a2200157Ia 4500
005 20250408011857.0
008 240331s9999 xx 000 0 und d
020 _a14774690
082 _a011
_bNOO
100 _aSelvarajah, N. ed
245 0 _aNool thettam-2
260 _aUnited Kingdom
_bAyothy Library Services
_c2004
300 _axxiii, 462 p ., 2nd part
500 _aIlathu tamil noolkal
942 _cL
999 _c671
_d671